[Event "Negros Open 2017"]
[Site "Bacolod City"]
[Date "2017.10.11"]
[Round "1"]
[White "Grigoryan, Karen H"]
[Black "Miciano, John Marvin"]
[Result "1/2-1/2"]
[WhiteElo "2586"]
[BlackElo "2153"]
[Annotator "TA"]
[PlyCount "69"]
[EventDate "2017.??.??"]
[EventType "swiss"]
[EventCountry "PHI"]
[SourceTitle "playchess.com"]
[Source "ChessBase"]
[SourceQuality "1"]

{[%evp 12,69,59,67,70,37,93,85,104,6,13,0,106,0,31,0,0,0,7,30,72,81,58,50,96,43,68,39,33,39,58,36,329,337,329,310,302,306,317,312,373,337,319,324,277,0,0,0,0,0,0,0,-3,-5,0,-6,-6,-6,0,0]} 1. e4 d6 2. d4 Nf6 3. Nc3 g6 4. f4 Bg7 5. Nf3 O-O 6. e5 Ne8 7. Be3 c6 {B09: Pirc Defence: Austrian Attack} 8. Qd2 f6 $146 (8... dxe5 $14 9. dxe5 (9. fxe5 c5 $11) 9... Qxd2+ 10. Bxd2 Nc7) ({Predecessor:} 8... Nc7 9. Be2 Nd5 10. Nxd5 cxd5 11. O-O Nc6 12. Bd3 Bg4 13. c3 Rc8 14. exd6 Qxd6 15. Ne5 {1-0 (37) Martin Del Campo C,R (2460)-Slobodjan,R (2440) Matanzas 1994}) 9. O-O-O b5 {White is better.} 10. d5 (10. Bd3 $16) 10... b4 11. Ne4 {Strongly threatening dxc6.} c5 {[#]} (11... fxe5 $11 {keeps the balance.} 12. fxe5 (12. Qxb4 exf4 13. Bf2 c5 $17) 12... c5) 12. exd6 ({White should try} 12. h4 $1 $16) 12... exd6 $14 13. Nxc5 dxc5 14. Bxc5 Rf7 15. d6 Ba6 16. Qd5 ({And not} 16. Qxb4 Bxf1 17. Rhxf1 Na6 $17) 16... Bxf1 17. Qxa8 Bxg2 18. Rhe1 {d7 is the strong threat.} ({Don't play} 18. Rhg1 Bxf3 19. Qxf3 Na6 $11) 18... Bf8 $1 {[%cal Re8d6]} 19. Re2 Bxf3 $1 20. Qxf3 Nd7 21. Bxb4 {Black must now prevent Qe3.} Ng7 $2 {[%mdl 8192] [#]} (21... f5 $14) 22. Re7 $1 $18 {[%cal Re7f7]} Nf5 23. Rxf7 Kxf7 24. Qd5+ Kg7 25. Qb7 Kh8 26. Qc7 Qe8 27. Re1 ({Weaker is} 27. Qxa7 Qe2 $16) 27... Qf7 28. Re7 $2 (28. b3 $18) 28... Bxe7 $11 {The position is equal.} 29. Qxd7 Qd5 {Threatens to win with ...Qh1+.} 30. Qc8+ Kg7 $1 31. dxe7 {[%csl Gb4,Ge7][%cal Rc8f8]} Qh1+ 32. Kd2 {[%csl Gb4,Ge7][%cal Rc8f8]} Qg2+ 33. Kc3 {[%csl Gb4,Ge7][%cal Rc8f8]} Qh3+ 34. Kd2 {[%csl Gb4,Ge7][%cal Rc8f8]} Qg2+ 35. Kc3 {Precision: White = 51%, Black = 48%.} 1/2-1/2

[Event "Negros Open 2017"]
[Site "Bacolod City"]
[Date "2017.10.11"]
[Round "1"]
[White "Narayanan, Srinath"]
[Black "Magallanes, Rey Jomar"]
[Result "1-0"]
[WhiteElo "2511"]
[BlackElo "2068"]
[Annotator "TA"]
[PlyCount "75"]
[EventDate "2017.??.??"]
[EventType "swiss"]
[EventCountry "PHI"]
[SourceTitle "playchess.com"]
[Source "ChessBase"]
[SourceQuality "1"]

{[%evp 13,75,20,30,3,19,0,0,0,33,0,72,-36,51,35,93,91,84,86,120,93,114,0,0,0,30,22,14,0,0,0,12,-11,0,0,493,508,500,506,498,502,800,753,781,762,777,776,812,806,847,760,827,817,848,842,802,791,1480,1434,1460,1493,1551,1522,3239,3197]} 1. e4 c5 2. Nf3 Nc6 3. Bb5 g6 4. Bxc6 dxc6 5. d3 Bg7 6. h3 Nf6 7. O-O Nd7 {LiveBook: 72 Games. B31: Sicilian: 2...Nc6 3 Bb5 g6} (7... O-O 8. Nc3 Nd7 9. Be3 e5 10. Qd2 Qe7 11. Nh2 Re8 12. f4 exf4 13. Bxf4 Nf8 14. Bh6 Bd4+ 15. Kh1 Be6 16. Rae1 c4 17. Nf3 Bh8 18. d4 b5 {½-½ (40) Halkias,S (2585)-Naiditsch,A (2687) Tallinn 2016}) 8. Re1 e5 9. a3 a5 $146 {The position is equal.} ({Predecessor:} 9... Qe7 10. Nbd2 Nf8 11. Nc4 f6 12. Bd2 Ne6 13. b4 cxb4 14. axb4 Nd4 15. Nxd4 exd4 {1-0 (25) Engel,L (2182)-Wiesner,A (1774) Willingen 2015}) 10. Be3 Qe7 11. Qd2 Nf8 {[#]} (11... a4 $11) 12. Qc3 (12. b4 $1 $16) 12... b6 ({Black should play} 12... Ne6 $15) 13. Nbd2 a4 (13... Ne6 $14) 14. d4 $16 Nd7 15. dxc5 bxc5 16. b4 {[%cal Rb4c5]} O-O 17. Bxc5 ({White should try} 17. Nc4 $16) 17... Nxc5 $11 18. bxc5 Ba6 19. Rab1 Bb5 20. Qb4 Rfd8 21. c4 {[%cal Bc2c4,Bc4b5][%mdl 32]} Ba6 22. Qb6 Rdc8 23. Rb4 Bb5 $2 {[%mdl 8192] [#]} (23... Qe8 $1 $11 {and Black has nothing to worry.}) 24. cxb5 $18 {White is clearly winning.} Rab8 25. bxc6 Rxb6 26. cxb6 Qc5 (26... Rxc6 $142 27. b7 Qxb4 28. axb4 Rb6) 27. b7 Qxc6 28. bxc8=Q+ Qxc8 29. Rxa4 Bf8 30. Rc4 Qd7 31. a4 h5 32. Nf1 Qd3 33. Nxe5 Qb3 34. Ne3 Bb4 35. Rd1 Bc3 36. Nf3 Kg7 37. e5 Kh6 38. h4 {Precision: White = 33%, Black = 25%.} 1-0

[Event "Negros Open 2017"]
[Site "Bacolod City"]
[Date "2017.10.11"]
[Round "1"]
[White "Fronda, Jan Jodilyn"]
[Black "Short, Nigel D"]
[Result "0-1"]
[WhiteElo "2170"]
[BlackElo "2698"]
[Annotator "TA"]
[PlyCount "74"]
[EventDate "2017.??.??"]
[EventType "swiss"]
[EventCountry "PHI"]
[SourceTitle "playchess.com"]
[Source "ChessBase"]
[SourceQuality "1"]

{[%evp 12,74,56,6,29,-38,30,-44,-37,-91,-93,-150,-157,-219,-212,-223,-208,-222,-215,-222,-174,-193,-180,-175,-177,-241,-242,-258,-253,-249,-237,-252,-259,-277,-281,-344,-336,-323,-318,-389,-389,-378,-376,-385,-370,-482,-458,-506,-514,-519,-455,-455,-456,-479,-475,-467,-461,-744,-751,-743,-729,-708,-683,-630,-545]} 1. d4 Nc6 2. Nf3 d5 3. c4 Bg4 4. cxd5 Bxf3 5. dxc6 Bxc6 6. Nc3 e6 7. a3 f5 {D07: Queen's Gambit: Chigorin Defence} 8. h4 $146 (8. Qb3 $11) ({Predecessor:} 8. e3 a6 9. b4 Nf6 10. Bb2 Qd7 11. f3 Nd5 12. Qd2 Be7 13. Bd3 Bh4+ 14. g3 Bg5 15. Nxd5 exd5 16. Kf2 O-O 17. Bc3 Ba4 18. Rae1 Rae8 19. Qb2 Kh8 20. Bd2 Bb5 {½-½ (20) Dumitrache,D (2495)-Bukal,V (2350) Zagreb 1997}) 8... Bd6 ({Black should play} 8... Nf6 $15) 9. Bg5 (9. Qb3 $11) 9... Qd7 $15 {Black is slightly better.} 10. e3 {[#]} (10. Qb3 $15) 10... h6 $1 $17 {[%cal Rh6g5]} 11. Qh5+ {[#]} (11. Bf4 $142) 11... Kf8 $1 12. O-O-O (12. Bc4 $17 {was worth a try.}) 12... g6 $1 $19 {[%cal Rg6h5]} 13. Qxg6 hxg5 14. Bc4 Rh6 ({Not} 14... Bxg2 15. Rhg1 $15) 15. Qxg5 Be7 16. Qg3 Qd6 17. Qxd6 cxd6 18. d5 (18. Bxe6 {is a better defense.} Rxe6 19. d5) 18... exd5 19. Bxd5 Bxh4 ({But not} 19... Rxh4 20. Bxc6 bxc6 21. Rxh4 $19) 20. g3 Be7 21. Bxc6 bxc6 22. Ne2 Kf7 23. Nf4 Rxh1 24. Rxh1 Nf6 25. f3 Rg8 26. Ne2 c5 27. Kd2 d5 28. Kd3 Bd6 {Black is clearly winning.} 29. Rh3 a5 30. b3 Be5 31. Kc2 Ke7 32. f4 Bd6 33. Nc3 Kf7 34. Kd3 (34. Nb5 $142 Bf8 35. a4) 34... Rb8 35. Kc2 c4 36. bxc4 dxc4 37. a4 Bc5 {Precision: White = 24%, Black = 82%.} 0-1

[Event "Negros Open 2017"]
[Site "Bacolod City"]
[Date "2017.10.11"]
[Round "1"]
[White "Verdun, Xavier John"]
[Black "Tran, Tuan Minh"]
[Result "0-1"]
[WhiteElo "2147"]
[BlackElo "2558"]
[Annotator "TA"]
[PlyCount "96"]
[EventDate "2017.??.??"]
[EventType "swiss"]
[EventCountry "PHI"]
[SourceTitle "playchess.com"]
[Source "ChessBase"]
[SourceQuality "1"]

{[%evp 17,96,15,13,20,12,6,10,10,0,0,0,0,8,4,8,0,0,-10,0,10,27,0,17,0,20,0,26,-11,-14,-38,-33,-185,-194,-174,-188,-236,-236,-236,-236,-235,-236,-235,-232,-231,-224,-364,-231,-375,-385,-453,-479,-475,-483,-463,-477,-425,-441,-677,-614,-1346,-1291,-1475,-811,-799,-823,-894,-743,-1126,-633,-1080,-1031,-1193,-1118,-29983,-29984,-29984,-29985,-29984,-29985,-29987,-29988]} 1. e4 c5 2. Nf3 d6 3. d4 cxd4 4. Nxd4 Nf6 5. f3 e5 6. Nb3 {[%cal Bd4b3,Bb3c1,Bc1d3][%mdl 32]} Be7 7. c4 a5 8. Be3 {B55: Sicilian: 2...d6 3 d4 cxd4 4 Nxd4 Nf6 5 f3} O-O (8... a4 9. Nc1 O-O 10. Nc3 Qa5 11. Qd2 Na6 12. Be2 Nc5 13. O-O Bd7 14. Rb1 Rfc8 15. b4 axb3 16. axb3 {1-0 (50) Carlsen,M (2853)-Karjakin,S (2772) New York 2016}) 9. Be2 a4 {LiveBook: 3 Games} 10. Nc1 {The position is equal.} Be6 11. Na3 $146 ({Predecessor:} 11. Nc3 Qc8 12. Nxa4 Nbd7 13. b3 b5 14. Nb2 bxc4 15. Bxc4 {½-½ (59) Belenkaya,D (1970)-Ivkina,O (2223) St Petersburg 2008}) 11... Qa5+ 12. Qd2 Qxd2+ 13. Bxd2 Rc8 14. Nd3 Nc6 15. Rc1 Nd7 16. Be3 Nc5 17. Kf2 g6 18. Rhd1 Kg7 19. Kg1 Ra6 20. Bf1 h6 21. g3 f5 {[%cal Bf7f5,Bf5e4][%mdl 32]} 22. Nxc5 dxc5 23. Nb5 fxe4 24. Nd6 $2 {[#]} (24. fxe4 $15 Nd4 25. Nc3) 24... Bxd6 $1 $19 ({Don't play} 24... exf3 25. Nxc8 Bxc8 26. Bd3 $15) 25. Rxd6 Nd4 26. Bxd4 exd4 ({Weaker is} 26... cxd4 27. Rxa6 bxa6 28. fxe4 $15) 27. Rxa6 bxa6 28. fxe4 {[%mdl 4096] Endgame KRB-KRB} Rb8 29. Rc2 Kf6 30. Bd3 Ke5 31. Rf2 (31. Rd2 {is a better defense.}) 31... Rb4 32. Rc2 {[#]} (32. a3 $142 Rb6 33. Kg2) 32... a3 $1 {[%mdl 512]} 33. b3 (33. bxa3 Ra4) 33... a5 34. Kf1 a4 35. bxa4 Rxa4 36. Ke2 Rb4 37. Kf3 (37. Kd2 $142 Rb1 38. Rc1 Rb2+ 39. Rc2) 37... Rb2 38. Re2 h5 {( -> ...Bg4+)} 39. Kf2 Rb4 40. Rc2 Bd7 41. Kf3 Rb2 42. Rf2 Bg4+ 43. Kg2 {[#]} Bh3+ $1 {[%mdl 512]} 44. Kf3 (44. Kxh3 Rxf2) 44... g5 {[%csl Gh3,Gh5][%cal Rg5g4]} 45. Rc2 {[#]} Bf1 $1 {[%mdl 512] Black mates.} 46. Rxb2 (46. Bxf1 Rxc2) 46... axb2 47. Bb1 Bxc4 48. a4 Ba6 {Precision: White = 37%, Black = 79%.} 0-1

[Event "Negros Open 2017"]
[Site "Bacolod City"]
[Date "2017.10.11"]
[Round "1"]
[White "Mirano, Kevin"]
[Black "Nguyen, Duc Hoa"]
[Result "0-1"]
[WhiteElo "2048"]
[BlackElo "2499"]
[Annotator "TA"]
[PlyCount "168"]
[EventDate "2017.??.??"]
[EventType "swiss"]
[EventCountry "PHI"]
[SourceTitle "playchess.com"]
[Source "ChessBase"]
[SourceQuality "1"]

{[%evp 17,168,45,63,27,79,78,80,45,75,4,0,0,4,-14,6,-35,-32,-68,-75,-57,-56,-43,-36,-64,-71,-61,-39,-58,-36,-39,-36,-36,-35,-38,-38,-38,-40,-48,-47,-38,-43,-43,-47,-46,-40,-66,-19,-19,-19,-84,-17,-18,-12,-16,-12,-19,-1,-19,-6,-11,0,-19,-19,-19,-19,-22,-19,-25,-8,-8,0,-15,0,-33,-22,-29,-8,-8,-8,-9,0,-30,-20,-55,0,0,0,0,0,0,180,0,0,0,0,0,0,-210,-210,-210,-211,-210,-123,-222,-221,-219,-219,-210,-210,-210,-189,-210,-195,-206,-164,-181,-148,-320,-346,-384,-412,-406,-203,-314,-272,-342,-328,-377,-368,-440,-415,-546,-522,-482,-462,-637,-623,-1066,-947,-12835,-3027,-12844,-12843,-12843,-12843,-12844,-12841,-12845,-12845,-12850,-29981,-12851,-29986]} 1. d4 Nf6 2. c4 g6 3. Nc3 d5 4. cxd5 Nxd5 5. e4 Nxc3 6. bxc3 Bg7 7. Nf3 c5 8. Bb5+ Nd7 9. O-O O-O 10. Qb3 {D85: Exchange Grünfeld: Unusual White 7th moves and lines with 7 Nf3} (10. Rb1 Qc7 11. Bg5 a6 12. Bxd7 Qxd7 13. d5 b5 14. c4 Bb7 15. Qc1 Rfe8 16. cxb5 axb5 17. Qxc5 e6 {½-½ (82) Dubov,D (2660)-Maghsoodloo,P (2584) Doha 2016}) 10... Nf6 $146 (10... cxd4 $11 {remains equal.} 11. cxd4 Nc5) ({Predecessor:} 10... cxd4 11. cxd4 Nc5 12. Qe3 a6 13. Be2 Bg4 14. Rd1 Ne6 15. Bb2 Rc8 16. h3 Bxf3 17. Bxf3 {0-1 (49) Mitsakos,A (1907)-Filippas Ntekouan,S Athens 2005}) 11. e5 $16 Nd5 12. Bc4 {White is better.} Nc7 13. Ba3 ({White should play} 13. Ng5 $16) 13... b5 $11 14. Be2 $1 c4 15. Qb4 Re8 16. Nd2 Nd5 $36 {[%mdl 2048] Black fights for an advantage.} 17. Qxb5 Nxc3 18. Qxc4 Nxe2+ 19. Qxe2 Qxd4 20. Nf3 Qa4 21. Qe3 Bg4 22. Rfe1 Rad8 23. h3 Bf5 {[#] Strongly threatening ...Rd3.} 24. Qb3 Qa6 {Hoping for ...Rd3.} 25. Ng5 e6 26. Rac1 h6 {Threatens to win with ...Rd3.} 27. Nf3 Rd3 28. Rc3 Rxc3 29. Qxc3 Rc8 30. Qb3 Bd3 31. Rc1 Be4 {aiming for ...Rxc1+.} (31... Rxc1+ {with more complications.} 32. Bxc1 Be4 33. Be3 Kh7 34. Qb2 Bd5) 32. Rxc8+ Qxc8 33. Qe3 (33. Bd6 $11) 33... Qb7 (33... Qc2 $17 34. Bd6 Bxf3 35. Qxf3 Qxa2) 34. Bd6 a6 35. a3 Bd5 36. Kh2 a5 37. Ne1 Kh7 38. Qf4 Kg8 39. Qe3 Qc6 40. Nf3 Qc4 41. Nd2 Qc2 42. Nf3 a4 43. Kg3 Qb3 44. Qf4 g5 45. Qe3 Kh7 46. Nd2 Qc2 47. Nf3 Qc4 48. Qd4 Qc2 49. Ne1 Qb3+ 50. Nf3 Qc2 (50... h5 $15) 51. h4 gxh4+ 52. Nxh4 Qb3+ 53. f3 Qc2 $2 (53... Bc6 $11 {and Black is okay.}) 54. Be7 $2 (54. Qa7 $18) 54... Qc7 55. Bd6 Qa5 56. Kh2 Kg8 57. Be7 $2 {[#]} (57. Qg4 $11) 57... Qc7 $1 $19 58. Qc5 Bxe5+ 59. Kh3 Qb7 (59... h5 $19 60. g3 Qxc5 61. Bxc5 Kh7) 60. Qb4 (60. Bd6 $17 Bf6 61. Qe3) 60... Qxb4 61. Bxb4 {[%mdl 4096] Endgame KBB-KBN} Kg7 62. Be7 Bc7 63. g3 f6 64. Kg2 Kf7 65. Bc5 Ke8 66. Ng6 Kd7 67. Be3 $2 (67. Nf4 $17) 67... Bd6 68. Bc1 Kc6 69. Nf4 Ba2 (69... Kb5 $142 {White must now prevent ...Kc4.} 70. Nxd5 exd5) 70. Kh3 (70. g4 $142) 70... Kc5 71. Nh5 f5 72. Bxh6 Kc4 73. Bc1 Kb3 74. Nf4 Kc2 75. Be3 Bxa3 76. g4 e5 77. Ng6 f4 78. Nxf4 exf4 79. Bxf4 Kd3 80. Be5 Bc1 81. f4 Bd5 82. Bd6 a3 83. Bxa3 Bxa3 84. f5 Be7 {Precision: White = 39%, Black = 60%.} 0-1

[Event "Negros Open 2017"]
[Site "Bacolod City"]
[Date "2017.10.12"]
[Round "2"]
[White "Short, Nigel D"]
[Black "Elorta, David"]
[Result "1-0"]
[WhiteElo "2698"]
[BlackElo "2313"]
[Annotator "TA"]
[PlyCount "41"]
[EventDate "2017.??.??"]
[EventType "swiss"]
[EventCountry "PHI"]
[SourceTitle "playchess.com"]
[Source "ChessBase"]
[SourceQuality "1"]

{[%evp 19,41,39,31,22,42,22,16,20,40,22,25,33,154,103,285,270,537,539,550,535,915,699,1012,1026]} 1. d4 d5 2. c4 e6 3. Nc3 Nf6 4. cxd5 exd5 5. Bg5 Be7 6. e3 O-O 7. Bd3 Nbd7 8. Nf3 c5 9. O-O b6 10. Ne5 Bb7 {LiveBook: 4 Games} 11. Qf3 {D55: Queen's Gambit Declined: 4 Bg5 Be7: Lines without ...h6 and 6...h6 7 Bxf6} cxd4 $146 ({Predecessor:} 11... h6 12. Bf4 a6 13. Bf5 Nxe5 14. dxe5 Ne8 15. e6 Nf6 16. exf7+ Kxf7 17. Qg3 g5 18. Be5 Qe8 {1-0 (31) Boensch,U (2550)-Reipsch,J (2240) Meisdorf 1996}) 12. exd4 {[%cal Be3d4,Bd4e5][%mdl 32]} Nxe5 13. dxe5 {The position is equal.} Nd7 14. Qh3 {[%csl Gd3][%cal Rh3h7]} g6 15. Bh6 Re8 {[#]} (15... Nxe5 $14 16. Bxf8 Bxf8) 16. Bb5 $36 {[%mdl 2048] Black is under strong pressure.} (16. e6 $142 $1 {[%cal Re6d7]} Ne5 17. Bb5) 16... Nc5 $2 (16... Nxe5 $16 17. Bxe8 Qxe8) 17. Rad1 $18 (17. Bxe8 Qxe8 18. Rfd1 Rd8 $16) 17... Bc8 $2 (17... Qc8 18. Bxe8 (18. Nxd5 Qxh3 19. gxh3 Bxd5 $16) 18... Qxh3 19. gxh3 Rxe8 20. Nxd5 Bh4 21. Nf6+ Bxf6) 18. Qf3 {White is clearly winning.} Bd7 19. Rxd5 Qc8 20. Rxc5 bxc5 21. Nd5 ({Less strong is} 21. Bc4 Be6 $16) 1-0

[Event "Negros Open 2017"]
[Site "Bacolod City"]
[Date "2017.10.12"]
[Round "2"]
[White "Tran, Tuan Minh"]
[Black "Roque, Merben"]
[Result "0-1"]
[WhiteElo "2558"]
[BlackElo "2309"]
[Annotator "TA"]
[PlyCount "114"]
[EventDate "2017.??.??"]
[EventType "swiss"]
[EventCountry "PHI"]
[SourceTitle "playchess.com"]
[Source "ChessBase"]
[SourceQuality "1"]

{[%evp 12,114,27,28,45,50,78,47,55,51,65,71,72,65,68,67,51,45,59,48,53,40,42,37,41,50,40,37,38,16,18,22,27,16,20,21,29,3,2,2,45,6,56,3,9,10,17,8,20,33,29,0,0,0,0,-79,-78,-80,-75,-78,-40,-45,-17,-14,-9,-37,-37,-42,-39,-86,-60,-61,-55,-224,-219,-232,-131,-277,-277,-409,-402,-387,-372,-362,-225,-287,-275,-358,-352,-350,-273,-374,-368,-367,-379,-999,-995,-2341,-2070,-6407,-6407,-29975,-29976,-29976,-29977]} 1. c4 Nf6 2. Nc3 g6 3. g3 Bg7 4. Bg2 O-O 5. d4 d6 6. e4 Nc6 7. Nge2 {LiveBook: 51 Games} Na5 {E72: King's Indian: 4 e4 d6 5 g3} (7... e5 8. d5 Nd4 9. O-O c5 10. dxc6 bxc6 11. Nxd4 exd4 12. Qxd4 Ng4 13. Qd1 Ne5 14. b3 Nxc4 15. bxc4 Bxc3 16. Bh6 Re8 17. Rc1 Bh8 18. e5 Rxe5 19. Bxc6 Bh3 {0-1 (43) Nielsen,P (2639)-Fressinet,L (2668) Porto Vecchio 2017}) 8. b3 c5 9. O-O cxd4 {White is slightly better.} 10. Nxd4 Bd7 11. h3 $146 ({Predecessor:} 11. Bb2 Qb6 12. Qd2 Ng4 13. Nd5 Qd8 14. Nxe7+ Kh8 15. Nd5 {0-1 (37) Fischli,M (1715)-Benz,U (1660) Adelboden 2004}) 11... Nc6 12. Be3 Nxd4 13. Bxd4 Bc6 14. Re1 Nd7 15. Bxg7 Kxg7 16. Qd4+ Kg8 17. f4 (17. Rad1 {with more complications.} Qa5 18. Qd2 Rfe8 19. f4 Rac8 20. Qe3) 17... Qb6 18. Qxb6 Nxb6 19. Rad1 Rfd8 20. e5 Bxg2 21. Kxg2 dxe5 22. fxe5 Rac8 23. Kf3 Kf8 24. Ne4 Nd7 25. Kf4 Ke8 26. Rd5 (26. e6 $5 fxe6 27. Kg5 $14) 26... Nf8 27. Red1 (27. Kg5 $14) 27... Ne6+ 28. Ke3 h6 29. h4 Nc7 30. Rxd8+ Rxd8 $11 {[%mdl 4096] Endgame KRN-KRN} 31. Rf1 Ne6 32. Nc3 Nd4 {Strongly threatening ...Nf5+.} 33. g4 (33. Rd1 $11 {keeps the balance.} Nf5+ 34. Kf4) 33... Nc2+ $17 34. Ke2 Rd4 35. Rg1 a6 36. Nd5 e6 37. Nf6+ Kf8 38. h5 g5 39. a3 Rd8 40. Ne4 Nd4+ 41. Ke3 Nc6 $1 42. Nd6 $2 (42. Nc5 $1 $15) 42... b6 $1 $19 43. Ke4 {[#]} Ke7 (43... f6 $1 $19 {[%mdl 512]} 44. Rf1 (44. exf6 Rxd6) 44... Ke7 45. exf6+ Kxd6) 44. Rf1 {[#]} (44. b4 $17 {might work better.} Nxe5 45. Nb7) 44... f6 $1 {[%mdl 512]} 45. b4 (45. Nb7 {is the only way for White.} Rd4+ 46. Ke3) (45. exf6+ Kxd6) 45... Nxe5 46. c5 bxc5 47. bxc5 Nd7 ({Weaker is} 47... Nxg4 48. Rb1 $19) 48. Nb7 Rc8 49. Kd4 Ne5 50. Rb1 Nc6+ ({Less strong is} 50... Nxg4 51. Nd6 $19) 51. Kc4 Rb8 {aiming for ...Na5+!} 52. Rb6 Kd7 53. a4 $2 (53. Kc3) 53... Kc7 54. Nd6 Rxb6 55. Ne8+ Kd8 {( -> ...Rb4+)} 56. cxb6 Kxe8 57. Kc5 Kd7 {Precision: White = 33%, Black = 69%.} 0-1

[Event "Negros Open 2017"]
[Site "Bacolod City"]
[Date "2017.10.12"]
[Round "2"]
[White "Nguyen, Duc Hoa"]
[Black "Salubre, Jayson"]
[Result "1-0"]
[WhiteElo "2499"]
[BlackElo "2282"]
[Annotator "TA"]
[PlyCount "75"]
[EventDate "2017.??.??"]
[EventType "swiss"]
[EventCountry "PHI"]
[SourceTitle "playchess.com"]
[Source "ChessBase"]
[SourceQuality "1"]

{[%evp 21,75,35,48,34,45,41,70,60,91,60,68,64,91,85,90,79,100,69,64,69,123,83,84,76,174,94,331,241,416,181,205,204,204,227,247,242,313,319,309,320,291,228,225,213,220,218,222,233,313,297,574,562,2094,1068,1805,1626]} 1. e4 c5 2. Nf3 d6 3. d4 cxd4 4. Nxd4 Nf6 5. Nc3 a6 6. Bg5 Nc6 7. Qd2 Bd7 8. O-O-O e6 9. f4 h6 10. Bh4 Be7 11. Nf3 Qc7 {LiveBook: 7 Games. B67: Sicilian: Richter-Rauzer: 7...a6 8 0-0-0 Bd7, lines without 9 f4 Be7} (11... b5 12. Bxf6 gxf6 13. Kb1 Qb6 14. Bd3 O-O-O 15. Rhe1 Kb8 16. Ne2 Bc8 17. f5 Ne5 18. Nf4 Rhg8 19. fxe6 fxe6 {½-½ (34) Kraemer,M (2570)-Tazbir,M (2521) Germany 2017}) 12. Bxf6 gxf6 13. Kb1 b5 {White is slightly better.} 14. Ne2 $146 ({Predecessor:} 14. Bd3 Na5 15. f5 Nc4 16. Bxc4 bxc4 17. Qd4 Rb8 18. Nd2 O-O 19. Ka1 {1-0 (47) Forsaa,E (2263)-Charpenel Elorduy,M (2092) Budapest 2007}) 14... Qb6 15. Ned4 Na5 16. Bd3 Nc4 17. Qe2 Rc8 18. Rhe1 Qc5 19. f5 h5 20. c3 Bd8 ({Black should try} 20... a5 $14) 21. Bxc4 Qxc4 22. Qe3 Bb6 (22... b4 $16) 23. fxe6 (23. Qd2 $18) 23... fxe6 $2 (23... Bxe6 $16 24. b3 Bxd4 25. Rxd4 (25. bxc4 Bxe3 26. Rxe3 Rg8 $11) (25. Qxd4 Qxd4 26. Nxd4 Rg8 $16) 25... Qxc3) 24. Qf4 Bd8 $2 {[#]} (24... e5 25. Qxf6 Rf8 26. Qxd6 Bc7 27. Qg6+ (27. Qxa6 exd4 28. Nxd4 Be5 $16) (27. Nxe5 Bxd6 28. Nxc4 Rxc4 $17) 27... Qf7 28. Qxf7+ (28. Qxa6 exd4 29. Nxd4 Qf6 $16) 28... Rxf7) 25. Qxd6 (25. e5 $142 $1 {[%mdl 512]}) 25... Bc7 26. Qxa6 {Hoping for b3.} O-O {...Ra8 is the strong threat.} 27. Qa3 Rf7 28. e5 fxe5 29. Nxe5 Bxe5 30. Rxe5 Rf1 31. Ree1 Rxe1 32. Rxe1 {aiming for Qe7.} e5 33. Nf3 ({Not} 33. Rxe5 Qd3+ 34. Kc1 Qxd4 $15) 33... Bf5+ 34. Ka1 Be6 35. Nxe5 Qd5 $2 {[#]} (35... Qa4 36. Qxa4 bxa4) 36. c4 $1 $18 {White is clearly winning.} bxc4 {Black hopes to continue with ...c3.} 37. Qg3+ Kh8 38. Ng6+ {Precision: White = 53%, Black = 25%.} 1-0

[Event "Negros Open 2017"]
[Site "Bacolod City"]
[Date "2017.10.12"]
[Round "2"]
[White "Ganzon, Rommel"]
[Black "Narayanan, Srinath"]
[Result "1/2-1/2"]
[WhiteElo "2296"]
[BlackElo "2511"]
[Annotator "TA"]
[PlyCount "132"]
[EventDate "2017.??.??"]
[EventType "swiss"]
[EventCountry "PHI"]
[SourceTitle "playchess.com"]
[Source "ChessBase"]
[SourceQuality "1"]

{[%evp 15,132,0,2,0,0,-26,-18,-18,-18,-23,-13,-24,-16,-17,-7,-4,-3,-8,-15,-18,0,-9,-9,-9,-9,-9,-8,-13,-18,-16,-10,-10,11,17,19,12,13,-13,-13,-13,-13,-13,-15,-25,0,-52,-52,-59,-52,-52,-52,-61,-61,-61,-61,-61,-61,-62,-61,-61,-61,-61,-61,-61,-61,-61,-61,-61,-61,-61,-61,-61,-61,-61,-54,-54,-54,-54,-54,-61,-54,-54,-54,-61,-54,-61,-54,-61,-54,-54,-54,-54,-54,-54,-54,-54,-54,-54,-54,-61,-54,-54,-54,-61,-61,-61,0,-61,0,-54,0,-61,0,-61,0,-61,0,-54,0]} 1. e4 c5 2. Nf3 d6 3. d4 cxd4 4. Nxd4 Nf6 5. Nc3 a6 6. Bg5 e6 7. Qd2 h6 8. Bxf6 Qxf6 {LiveBook: 38 Games} 9. g3 {B95: Sicilian Najdorf: 6 Bg5 e6, unusual White 7th moves} Nc6 10. Nce2 $146 ({Predecessor:} 10. Nxc6 bxc6 11. Bg2 Qd8 12. O-O Be7 13. Na4 O-O 14. c4 Rb8 15. Rad1 Qc7 16. b3 c5 {0-1 (31) Benidze,D (2508)-Magalashvili,D (2465) Canakkale 2010}) 10... Nxd4 11. Nxd4 {The position is equal.} e5 12. Nf5 Bxf5 13. exf5 Qxf5 14. Qd5 Rb8 15. Bc4 Be7 16. O-O-O O-O {[#]} 17. f4 $1 {[%mdl 512]} Rbc8 (17... exf4 18. Qxf5) 18. Bd3 Qe6 19. Qxe6 fxe6 20. fxe5 d5 {[%cal Bd6d5,Bd5d4][%mdl 32]} 21. Rdf1 Bc5 22. c3 Bf2 23. Kd1 d4 24. Ke2 Be3 25. Rxf8+ Rxf8 26. Rf1 (26. Bg6 {looks sharper.} Rf2+ 27. Kd3 Rd2+ 28. Ke4 Bf2 29. cxd4 Bxd4 30. Rc1) 26... Rxf1 27. Kxf1 dxc3 28. bxc3 $11 {[%mdl 4096] Endgame KB-KB} Bd2 29. c4 b6 30. Be4 (30. Ke2 $11 Bb4 31. Kf3) 30... Bc3 $15 31. Ke2 Bxe5 32. Kf3 Bd6 33. a4 Kf7 34. h4 Kf6 35. Bb7 a5 36. h5 Ke5 37. Bc8 Bc5 38. Bd7 Kd6 39. Be8 Bd4 40. Ke4 Kc5 41. Bb5 Bf6 42. g4 Kb4 43. Kd3 Kb3 44. Bd7 e5 45. Bb5 Bg5 46. Ke4 Bf4 47. Kd3 Kb2 48. Bd7 Kc1 49. Bc6 Kd1 50. Be8 Ke1 51. Bd7 Kf2 52. Ke4 Ke2 53. Be8 Kd2 54. Bd7 Kc2 55. Be8 Kc3 56. Bb5 Bh2 57. Ba6 Bg3 58. Bb5 Bf4 59. Ba6 Kb4 60. Bb5 Kb3 61. Kd3 $1 Kb2 (61... Bc1 $15) 62. Be8 (62. Bd7 $1 $11) 62... Kc1 63. Bc6 $1 Kd1 (63... Bd2 $15) 64. Bb5 (64. Be8 $1 $11) 64... Ke1 65. Bd7 $1 Kf2 66. Ke4 Ke2 {Precision: White = 60%, Black = 52%.} ({Better is} 66... Bg3 $15) 1/2-1/2